Statistiken für Herbert Grönemeyer - Alle Titel

Klicken Sie hier um das Quiz zu spielen!

Allgemein

  • Dieses Quiz wurde 39 mal gespielt
  • Das Durchschnittsergebnis liegt bei 22 aus 167

Antwortstatistiken

AlbumTitel% Korrekt
4630 Bochum (1984)Bochum
100%
Mensch (2002)Mensch
88%
Männer
76%
Mambo
62%
Flugzeuge im Bauch
56%
Sprünge (1986)Kinder an die Macht
56%
Currywurst
53%
Der Weg
53%
Alkohol
50%
Ohne Album
(2006)
Zeit, dass sich was dreht
47%
Chaos (1993)Chaos
44%
Luxus
44%
Gemischte Gefühle
(1983)
Musik nur wenn sie laut ist
44%
Schiffsverkehr (2011)Schiffsverkehr
44%
Bleibt alles anders
41%
12 (2007)Stück vom Himmel
41%
Ö (1988)Was soll das?
38%
Tumult (2018)Sekundenglück
35%
Total Egal (1982)Total Egal
35%
Amerika
29%
Deine Liebe klebt
29%
Land Unter
29%
Tanzen
29%
Halt mich
26%
Ich hab dich lieb
26%
Demo (Letzter Tag)
24%
Fangfragen
21%
Luxus (1990)Hartgeld
21%
Komet
21%
Jetzt oder nie
18%
Marie
18%
Dauernd jetzt (2014)Morgen
18%
Sie
18%
Warum
18%
Fang mich an
15%
Ohne Album
(2016)
Jeder für Jeden
15%
Mit Gott
15%
Vollmond
15%
Zum Meer
15%
Angst
12%
Anna
12%
Bist du da
12%
Bist du taub
12%
Blick zurück
12%
Die Härte
12%
Einmal
12%
Kadett
12%
Maß aller Dinge
12%
Nur noch so
12%
Pilot
12%
Wunderbare Leere
12%
Der Held
9%
Doppelherz
9%
Dort und hier
9%
Du bist die...
9%
Erwischt
9%
Für Dich da
9%
Haarscharf
9%
Ich will mehr
9%
Kaufen
9%
Kein Pokal
9%
Ohne Album
(2010)
Komm zur Ruhr
9%
Lächeln
9%
Lache, wenn es nicht zum
Weinen reicht!
9%
Mehr geht leider nicht
9%
Bleibt alles anders
(1998)
Nach mir
9%
Neuland
9%
Spur
9%
Unbewohnt
9%
Unterwegs
9%
Viel zu viel
9%
Viertel vor
9%
Wartezimmer der Welt
9%
Auf dem Feld
6%
Bruno
6%
Commander
6%
Darf ich mal
6%
Der Löw
6%
Diamant
6%
Die Welle
6%
Einverstanden
6%
Energie
6%
Etwas Warmes
6%
Fall der Fälle
6%
Fanatisch
6%
Fernweh
6%
Fisch im Netz
6%
Frag mich nicht
6%
Freunde
6%
Grönland
6%
Helga
6%
Hier in dem Lokal
6%
Ich lieb mich durch
6%
Julie
6%
Kairo
6%
Keine Garantie
6%
Kein Verlust
6%
Kino
6%
Kopf hoch, tanzen
6%
La Bonifica
6%
Lass es uns nicht regnen
6%
Lebe mit mir los
6%
Leb in meiner Welt
6%
Letzte Version
6%
Liebe liegt nicht
6%
Marlene
6%
Mein Konzert
6%
Morgenrot
6%
Muskeln
6%
Mut
6%
'N Bombenlied
6%
November
6%
Ohne dich
6%
Onur
6%
Pompeji
6%
Reines Herz
6%
Roter Mond
6%
Seid ihr noch da?
6%
So gut
6%
So wie ich
6%
Spring ins wilde Leben
6%
Zwo (1980)Stau
6%
Taufrisch
6%
Und immer
6%
Unser Land
6%
Unter Tage
6%
Verflucht - es tut mir weh
6%
Verwandt
6%
Video
6%
Zur Nacht
6%
All die Jahre
3%
Annäherung
3%
Besser Du gehst jetzt
3%
Deine Zeit
3%
Der Fremde
3%
Erzähl mir von morgen
3%
Feuerlicht
3%
Flüsternde Zeit
3%
Fragwürdig
3%
Grönemeyer (1979)Guten Morgen
3%
Hallo, was macht'n ihr
3%
Herbsterwachen
3%
Ich bin ein Spieler
3%
Ich bin wieder soweit
3%
Ich dreh' mich um dich
3%
Ich geb' nichts mehr
3%
Ich hab Dich bloss geliebt
3%
Ich will's nicht
3%
Komm zurück
3%
Kreuz meinen Weg
3%
Leichtsinn und Liebe
3%
Mein Lebensstrahlen
3%
Mensch - ich hau ab
3%
Moccaaugen
3%
Neuer Tag
3%
Neue Welt
3%
Schmetterlinge im Eis
3%
Selbstmitleid
3%
Stand der Dinge
3%
Uniform
3%
Vergiß es, laß es
3%
Verloren
3%
Wäre ich einfach nur feige
3%
Zieh deinen Weg
3%
Zu Dir
3%
Ich versteh dich
0%
Kleine Heimat
0%

Verteilung der Resultate

Perzentil nach korrekt beantworteten Fragen

Anzahl Personen mit jedem Resultat

Ihre Resultats-Entwicklung

Sie haben dieses Quiz noch nicht gespielt